|
|
|
|
| LEADER |
00000cam a2200000 7i4500 |
| 001 |
0000002716 |
| 005 |
20080818093000.0 |
| 008 |
060622s2005 inu eng |
| 020 |
|
|
|a 0672326310
|
| 090 |
0 |
0 |
|a TK5105.8885.D74
|b P579 2005
|
| 100 |
1 |
|
|a Ruvalcaba, Zak ,
|e author
|
| 245 |
1 |
0 |
|a Macromedia Dreamweaver MX 2004 unleashed
|c Zak Ruvalcaba, Matthew Pizzi
|
| 260 |
2 |
|
|a Indianapolis, IN :
|b SAMS Publishing ,
|c c2005
|
| 300 |
|
|
|a xxii, 980 p. :
|b ill. ;
|c 25 cm.
|
| 504 |
|
|
|a Includes index
|
| 630 |
0 |
0 |
|a Dreamweaver (Computer file)
|
| 650 |
|
0 |
|a Web sites
|x Authoring programs
|
| 650 |
|
0 |
|a Web sites
|x Design
|
| 700 |
1 |
|
|a Pizzi, Matthew ,
|e author
|
| 999 |
|
|
|a 1000105317
|b Book
|c OPEN SHELF (30 DAYS)
|e Tembila Campus
|